LIBRARY ONLINE CATALOGUE

International humanitarian law and international human rights law : (Record no. 11553)

MARC details
000 -LEADER
fixed length control field 00690nam a22002172 4500
001 - CONTROL NUMBER
control field 0000024474
005 - DATE AND TIME OF LATEST TRANSACTION
control field 20151217154510.0
008 - FIXED-LENGTH DATA ELEMENTS--GENERAL INFORMATION
fixed length control field 131217s xx 000 0 eng d
020 ## - INTERNATIONAL STANDARD BOOK NUMBER
International Standard Book Number 0191001604 :
040 ## - CATALOGING SOURCE
Original cataloging agency KABU
Transcribing agency KABU
245 10 - TITLE STATEMENT
Title International humanitarian law and international human rights law :
Remainder of title Pas de Deux /
Statement of responsibility, etc. edited by Orna Ben-Naftali.
250 ## - EDITION STATEMENT
Edition statement 1st ed.
260 ## - PUBLICATION, DISTRIBUTION, ETC. (IMPRINT)
Place of publication, distribution, etc. Oxford :
Name of publisher, distributor, etc. O. U. P.,
Date of publication, distribution, etc. 2011.
300 ## - PHYSICAL DESCRIPTION
Extent xxxv, 388 p.
650 #0 - SUBJECT ADDED ENTRY--TOPICAL TERM
Topical term or geographic name as entry element Humanitarian law.
-- 0000181546
650 #0 - SUBJECT ADDED ENTRY--TOPICAL TERM
Topical term or geographic name as entry element Human rights.
-- 0000150298
700 1# - ADDED ENTRY--PERSONAL NAME
Personal name Ben-Naftali, Orna.
-- 0000184640
852 1# - LOCATION
-- p9315 KES
908 ## - PUT COMMAND PARAMETER (RLIN)
Put command parameter 131217
950 ## - LOCAL HOLDINGS (RLIN)
-- 1
Holdings
Withdrawn status Lost status Source of classification or shelving scheme Not for loan Home library Current library Date acquired Total Checkouts Total Renewals Full call number Barcode Date last seen Date last checked out Price effective from Koha item type
    Library of Congress Classification   Kabarak, Main Campus Kabarak, Main Campus 17/12/2015 13 1 KZ6471 .I58 2011 c. 1 016253 08/12/2023 16/11/2023 17/12/2015 General Collection